000 00817nam a2200313Ia 4500
001 28703
005 20240114001101.0
007 ta
008 060616s1905 g b000 u 465 u
040 _aCotton College,Assam
041 _a465
082 _a182
_bG 586 G
100 _aGomperz, Theodor .
245 0 _aGreek Thinkers: A History of Ancient Philosophy /
_cTheodor Gomperz.
_hTextual Documents
250 _a1st ed. /
260 _aLondon :
_bJohn Murray ,
_c1905.
300 _a4v.;385p. ;
_c22cm.
362 _aVol. I-
653 _aAncient Philosophy
653 _aHistory-Ancient Philosophy
653 _aWestern Philosophy
653 _aG-Philosophy
942 _2ddc
_cBK
999 _c28685
_d28685